[Event "Silves op"]
[Site "Silves"]
[Date "2025.03.04"]
[Round "5"]
[White "Custodio, Dinis"]
[Black "Haleta, Oleh"]
[Result "0-1"]
[WhiteElo "1576"]
[BlackElo "1789"]
[PlyCount "86"]
[EventDate "2025.03.01"]
[EventType "swiss"]
[EventRounds "9"]
[EventCountry "POR"]
[SourceTitle "CB11_2025"]
[SourceDate "2025.03.12"]
[SourceVersion "1"]
[SourceVersionDate "2025.03.12"]
[SourceQuality "1"]

1. e4 c5 2. Bc4 d6 3. Nc3 Nf6 4. Bd5 Nxd5 5. Nxd5 e6 6. Nc3 Be7 7. d3 0-0 8. Nf3 a6 9. b3 Bf6 10. Bb2 b5 11. Rb1 Bb7 12. 0-0 Nd7 13. d4 b4 14. Ne2 Bxe4 15. Ng3 Bg6 16. dxc5 Bxb2 17. Rxb2 Nxc5 18. Qd4 Qb6 19. Nh4 Rab8 20. Nxg6 hxg6 21. Ne4 Nxe4 22. Qxe4 Qc5 23. Qd3 a5 24. Rc1 Rbc8 25. Rd1 d5 26. Qd4 Qxd4 27. Rxd4 Rc5 28. g4 Rfc8 29. Rd2 f6 30. Re2 Kf7 31. Kg2 Rc3 32. f3 e5 33. h3 Ke6 34. f4 e4 35. g5 Rh8 36. gxf6 gxf6 37. Re1 Rhxh3 38. Rh1 Rcg3+ 39. Kf2 e3+ 40. Ke2 Rxh1 41. Kd3 Rd1+ 42. Ke2 Rd2+ 43. Ke1 Rg1# 0-1